Budapest összes városrésze (sok) - Statistics

General Stats
  • This quiz has been taken 20 times
  • The average score is 41 of 213
Answer Stats
Kerület Városrész % Correct
IV. Újpest
79%
I. Budai Várnegyed
71%
XI. Kelenföld
57%
III. Óbuda
57%
XIII. Angyalföld
50%
III. Békásmegyer
50%
V. Belváros
50%
XXII. Budatétény
50%
XXI. Csepel-Belváros
50%
XXI. Csepel-Rózsadomb
50%
XIX. Kispest
50%
II. Rózsadomb
50%
XXIII. Soroksár
50%
XXII. Budafok
43%
I. | XII. Krisztinaváros
43%
XXII. Nagytétény
43%
VI. Terézváros
43%
I. | II. Víziváros
43%
IX. Belső-Ferencváros
36%
VIII. Corvin-negyed
36%
VII. Erzsébetváros
36%
XI. Gazdagrét
36%
I. | XI. Gellérthegy
36%
IV. Káposztásmegyer
36%
XI. Kelenvölgy
36%
XI. Lágymányos
36%
V. Lipótváros
36%
IV. Megyer
36%
XV. Rákospalota
36%
I. | XI. Tabán
36%
XIX. Wekerletelep
36%
II. Adyliget
29%
XI. Albertfalva
29%
III. Aquincum
29%
XII. Csillebérc
29%
XVIII. Gloriett-telep
29%
III. Hármashatárhegy
29%
XII. Istenhegy
29%
XIV. Kiszugló
29%
IX. Külső-Ferencváros
29%
N/A Margit-sziget
29%
XVI. Mátyásföld
29%
VIII. Palotanegyed
29%
II. Pasarét
29%
XI. Sasad
29%
XI. Szentimreváros
29%
XIII. Újlipótváros
29%
III. Aranyhegy-Ürömhegy-Péterhegy
21%
XVIII. Bélatelep
21%
XVI. Cinkota
21%
VIII. Csarnoknegyed
21%
XXI. Csepel-Királyerdő
21%
XII. Farkasvölgy
21%
XVIII. Ganzkertváros
21%
XVIII. Ganztelep
21%
XVIII. Havanna-lakótelep
21%
II. Hűvösvölgy
21%
III. Kaszásdűlő
21%
IX. Középső-Ferencváros
21%
XII. Kútvölgy
21%
VIII. Magdolnanegyed
21%
XXIII. Millenniumtelep
21%
XIV. Nagyzugló
21%
XI. Őrmező
21%
II. Pesthidegkút-Ófalu
21%
XI. Péterhegy
21%
XVII. Rákoshegy
21%
XVII. Rákoskeresztúr
21%
XVII. Rákosliget
21%
II. Remetekertváros
21%
XVI. Sashalom
21%
XI. | XII. Sashegy
21%
XXIII. Soroksár-Újtelep
21%
XII. Svábhegy
21%
XVIII. Szemeretelep
21%
VIII. Tisztviselőtelep
21%
II. Törökvész
21%
X. Újhegy
21%
XV. Újpalota
21%
XIV. Városliget
21%
XVIII. Almáskert
14%
XXII. Baross Gábor-telep
14%
XVIII. Belsőmajor
14%
XVIII. Bókaytelep
14%
II. Budaliget
14%
II. Csatárka
14%
XXI. Csepel-Csillagtelep
14%
XXI. Csepel-Háros
14%
XXI. Csepel-Ófalu
14%
XXI. Csepel-Szabótelep
14%
III. Csillaghegy
14%
XII. Farkasrét
14%
II. Felhévíz
14%
XVIII. Ferihegy
14%
XX. Gubacs
14%
XX. Gubacsipuszta
14%
X. Gyárdűlő
14%
XVIII. Halmierdő
14%
II. Hársakalja
14%
II. Hárshegy
14%
IX. József Attila-lakótelep
14%
XI. Kamaraerdő
14%
VIII. Kerepesdűlő
14%
XII. Kissvábhegy
14%
XX. Kossuthfalva
14%
X. Laposdűlő
14%
XVIII. Liptáktelep
14%
XVIII. Lónyaytelep
14%
VIII. Losoncinegyed
14%
XVII. Madárdomb
14%
XI. Madárhegy
14%
II. Máriaremete
14%
XII. Mártonhegy
14%
XII. Németvölgy
14%
X. Népliget
14%
VIII. Népszínháznegyed
14%
III. Óbuda hegyvidéke
14%
X. Óhegy
14%
XII. Orbánhegy
14%
II. Országút
14%
XX. Pacsirtatelep
14%
II. Pálvölgy
14%
XVII. Rákoscsaba
14%
XIV. Rákosfalva
14%
XVII. Rákoskert
14%
XVI. Rákosszentmihály
14%
III. Római-part
14%
XX. Szabótelep
14%
II. Szemlőhegy
14%
XVIII. Szent Imre-kertváros
14%
II. Széphalom
14%
II. Szépilona
14%
XIV. Törökőr
14%
II. | III. Újlak
14%
II. Vérhalom
14%
XIII. Vizafogó
14%
II. Zöldmál
14%
XII. Zugliget
14%
XVII. Akadémiaújtelep
7%
XIV. Alsórákos
7%
XVI. Árpádföld
7%
II. | XII. Budakeszierdő
7%
XXI. Csepel-Erdőajla
7%
XXI. Csepel-Erdősor
7%
XXI. Csepel-Gyártelep
7%
XXI. Csepel-Kertváros
7%
XXI. Csepel-Királymajor
7%
XXI. Csepel-Szigetcsúcs
7%
III. Csúcshegy
7%
XI. Dobogó
7%
XVIII. Erdőskert
7%
XX. Erzsébetfalva
7%
II. Erzsébetliget
7%
II. Erzsébettelek
7%
XVIII. Erzsébettelep
7%
X. Felsőrákos
7%
VIII. Ganz-negyed
7%
II. Gercse
7%
III. Harsánylejtő
7%
XIV. Herminamező
7%
XI. Hosszúrét
7%
XI. Infopark
7%
VII. | VIII. | XIV. Istvánmező
7%
IV. Istvántelek
7%
XII. Jánoshegy
7%
X. Keresztúridűlő
7%
X. Kőbánya-Kertváros
7%
XI. Kőérberek
7%
XVIII. Kossuth Ferenc-telep
7%
II. Kővár
7%
XVIII. Krepuska Géza-telep
7%
II. Kurucles
7%
X. Kúttó
7%
XVIII. Lakatos-lakótelep
7%
X. Ligettelek
7%
II. Lipótmező
7%
XII. Magasút
7%
XVIII. Miklóstelep
7%
III. Mocsárosdűlő
7%
XI. Nádorkert
7%
IV. | XIII. Népsziget
7%
II. Nyék
7%
III. Óbudaisziget
7%
VIII. Orczynegyed
7%
XI. Örsöd
7%
XV. Pestújhely
7%
II. Petneházyrét
7%
XI. Pösingermajor
7%
XVII. Rákoscsaba-Újtelep
7%
XVII. Régiakadémiatelep
7%
XVIII. Rendessytelep
7%
II. Rézmál
7%
III. Rómaifürdő
7%
III. Solymárvölgy
7%
XI. Spanyolrét
7%
VIII. Századosnegyed
7%
IV. Székesdűlő
7%
XVIII. Szent Lőrinc-lakótelep
7%
II. Szépvölgy
7%
X. Téglagyárdűlő
7%
XVIII. Újpéteritelep
7%
XII. Virányos
7%
XII. Széchenihegy
0%
No matching quizzes found
Score Distribution
Percent of People with Each Score
Percentile by Number Answered
Your Score History
You have not taken this quiz